| 000 | 01252nam a22003377a 4500 | ||
|---|---|---|---|
| 003 | CHAP | ||
| 005 | 20220329143423.0 | ||
| 008 | 090609s2005 mx r 00010 spa d | ||
| 010 | _a96342 | ||
| 011 | _a97314 | ||
| 020 | _a9688177415 | ||
| 035 | _a107978 | ||
| 040 | _cCHAP | ||
| 082 | 0 | 4 |
_a628.1 _bF76 |
| 111 | 2 |
_aForo mundial del agua ( _n4 : _d2006 : _cMéxico, D.F.) _942475 |
|
| 245 | 1 | 0 |
_aHacia una estrategia de manejo sustentable del agua en el Valle de México y su Zona Metropolitana _c/por Comision Nacional del Agua |
| 260 |
_aMéxico, D.F. : _bCONAGUA, _c2005 |
||
| 300 |
_a53 p. : _bilus. |
||
| 590 |
_aBATCH-UPD _b10 _c20130110 _lUCH01 _h0454 |
||
| 590 |
_aBATCH-UPD _b10 _c20130410 _lUCH01 _h0131 |
||
| 590 |
_aBATCH-UPD _b10 _c20130410 _lUCH01 _h1602 |
||
| 590 |
_aBATCH-UPD _b10 _c20130914 _lUCH01 _h1429 |
||
| 590 |
_aCONVERSION _b10 _c20130109 _lUCH01 _h1353 |
||
| 650 | 1 | 4 |
_aAgua _xAbastecimiento _xMexico (D.F.) _92251 |
| 650 | 1 | 4 |
_aAgua _xValle de Mexico. _92408 |
| 901 | _aBK | ||
| 942 | _cLIBRO | ||
| 949 |
_a628.1 F76 _bBC _cCONG _d33724002078652 _eLIBRO _fc.2 _h110606 _i107978 _sb |
||
| 949 |
_a628.1 F76 _bBC _cCONG _d33724002078694 _eLIBRO _fc.3 _h110607 _i107978 _si |
||
| 949 |
_a628.1 F76 _bBC _cCONG _d33724002078892 _eCONG _h110605 _i107978 _sb |
||
| 999 |
_c96342 _d96342 |
||